000 00648nam a2200229 i 4500
001 C2-0297925
003 PPAK
005 20180728080106.0
008 090524s2004 ii |||| ||||| | tam d
040 _aPPAK
_beng
_cPPAK
_erda
082 0 4 _a917.304931
_223
090 0 0 _a917.304931
_bLEN
_dG
100 1 _aLenin, M.,
_eauthor
245 1 0 _aAmerica selbavargalukku 1000 yosanaikal vol. 1
264 1 _aChennai, India :
_bVaanavil Puthakaalayam ,
_c2004
300 _a296 pages ;
_c22 cm
336 _2rdacontent
_atext
337 _2rdamedia
_aunmediated
338 _2rdacarrier
_avolume
650 1 0 _aTravel - Guidebooks.
942 _ddc
_cB
999 _c102284
_d102284